[Event "Charlotte CCCSA Spring GM-A"]
[Site "Charlotte"]
[Date "2023.03.16"]
[Round "3"]
[White "Kunka, Harshid"]
[Black "Hardaway, Brewington"]
[Result "1/2-1/2"]
[WhiteElo "2372"]
[BlackElo "2394"]
[PlyCount "47"]
[EventDate "2023.03.15"]
[EventType "tourn"]
[EventRounds "9"]
[EventCountry "USA"]
[EventCategory "6"]
[SourceTitle "CBM 213 Extra"]
[Source "ChessBase"]
[SourceDate "2023.05.31"]
[SourceVersion "1"]
[SourceVersionDate "2023.05.31"]
[SourceQuality "1"]

1. e4 e5 2. Nf3 Nf6 3. Nxe5 d6 4. Nf3 Nxe4 5. d4 d5 6. Bd3 Bd6 7. 0-0 0-0 8. c4 c6 9. Re1 Bf5 10. Qb3 Qd7 11. cxd5 cxd5 12. Nc3 Nxc3 13. Bxf5 Qxf5 14. bxc3 b6 15. Ne5 Nd7 16. Qxd5 Bxe5 17. dxe5 Rfe8 18. Ba3 Rac8 19. Re3 Nf6 20. Qd4 Ng4 21. Re2 Rxe5 22. Rxe5 Nxe5 23. Re1 Nc6 24. Qd6 1/2-1/2

[Event "New York Winter GM-B"]
[Site "New York"]
[Date "2023.01.13"]
[Round "2"]
[White "Kunka, Harshid"]
[Black "Yu, Jennifer R"]
[Result "1/2-1/2"]
[WhiteElo "2394"]
[BlackElo "2345"]
[PlyCount "90"]
[EventDate "2023.01.12"]
[EventType "tourn"]
[EventRounds "9"]
[EventCountry "USA"]
[EventCategory "6"]
[SourceTitle "CBM 212 Extra"]
[Source "ChessBase"]
[SourceDate "2023.03.31"]
[SourceVersion "1"]
[SourceVersionDate "2023.03.31"]
[SourceQuality "1"]

1. e4 e5 2. Nf3 Nf6 3. Nxe5 d6 4. Nf3 Nxe4 5. d4 d5 6. Bd3 Be7 7. 0-0 0-0 8. c4 Nf6 9. Nc3 dxc4 10. Bxc4 Nbd7 11. Bf4 Nb6 12. Bb3 c6 13. Ne5 Nbd5 14. Bg3 Be6 15. Qe2 Re8 16. Rad1 Bd6 17. Rfe1 a5 18. Bc2 Qc7 19. Bb1 Ne7 20. Rc1 Qd8 21. Qf3 Ng6 22. h4 Nf8 23. h5 h6 24. Bh4 Be7 25. Rcd1 Nd5 26. Bg3 Bb4 27. a3 Bxc3 28. bxc3 Qf6 29. Qd3 Nf4 30. Bxf4 Qxf4 31. Re3 Qg5 32. Qe2 f6 33. Ng6 Bf7 34. Re1 Rxe3 35. Qxe3 Qxh5 36. Nxf8 Rxf8 37. Qd3 g6 38. Re7 Re8 39. Rxe8+ Bxe8 40. Ba2+ Bf7 41. Bxf7+ Kxf7 42. Qg3 Qd1+ 43. Kh2 Qh5+ 44. Kg1 Qd1+ 45. Kh2 Qh5+ 1/2-1/2

[Event "Bay Area GM"]
[Site "San Jose"]
[Date "2022.12.09"]
[Round "4"]
[White "Kunka, Harshid"]
[Black "Cordova, Emilio"]
[Result "1-0"]
[WhiteElo "2391"]
[BlackElo "2542"]
[PlyCount "87"]
[EventDate "2022.12.07"]
[EventType "tourn"]
[EventRounds "9"]
[EventCountry "USA"]
[EventCategory "8"]
[SourceTitle "CBM 211 Extra"]
[Source "ChessBase"]
[SourceDate "2023.01.31"]
[SourceVersion "1"]
[SourceVersionDate "2023.01.31"]
[SourceQuality "1"]

1. e4 d5 2. exd5 Qxd5 3. Nc3 Qd6 4. Nf3 Nf6 5. Bc4 a6 6. d4 Bg4 7. h3 Bh5 8. Be3 e6 9. Qe2 b5 10. Bb3 Nbd7 11. 0-0-0 c6 12. g4 Bg6 13. Ne5 Nd5 14. Nxd5 cxd5 15. h4 Nxe5 16. dxe5 Qc6 17. h5 Be4 18. f3 d4 19. fxe4 Qxe4 20. Rh3 dxe3 21. Rxe3 Qb7 22. g5 Be7 23. Qg4 Rd8 24. Rf1 0-0 25. Ref3 Qd7 26. Rd3 Qc7 27. Rxd8 Rxd8 28. Qf4 Kh8 29. g6 f6 30. h6 Bc5 31. hxg7+ Qxg7 32. exf6 Qxg6 33. Qe5 Bd4 34. Qxe6 Qg5+ 35. Kb1 Bxf6 36. c3 Bg7 37. Bc2 Qh4 38. Qc6 Qc4 39. Qh1 h6 40. Rg1 Qd5 41. Qh4 Re8 42. Qg4 Qg5 43. Qxg5 hxg5 44. Rh1+ 1-0

[Event "Bay Area GM"]
[Site "San Jose"]
[Date "2022.12.08"]
[Round "2"]
[White "Kunka, Harshid"]
[Black "Ostrovskiy, Aleksandr A"]
[Result "1/2-1/2"]
[WhiteElo "2391"]
[BlackElo "2391"]
[PlyCount "123"]
[EventDate "2022.12.07"]
[EventType "tourn"]
[EventRounds "9"]
[EventCountry "USA"]
[EventCategory "8"]
[SourceTitle "CBM 211 Extra"]
[Source "ChessBase"]
[SourceDate "2023.01.31"]
[SourceVersion "1"]
[SourceVersionDate "2023.01.31"]
[SourceQuality "1"]

1. e4 c6 2. d4 d5 3. Nc3 dxe4 4. Nxe4 Bf5 5. Ng3 Bg6 6. h4 h6 7. Nf3 Nd7 8. h5 Bh7 9. Bd3 Bxd3 10. Qxd3 e6 11. Bd2 Ngf6 12. 0-0-0 Be7 13. Kb1 0-0 14. Ne4 c5 15. g4 Nxg4 16. Qe2 Qb6 17. Rdg1 f5 18. Nh2 Nxh2 19. Nxc5 Nxc5 20. dxc5 Bxc5 21. Rxh2 Bd4 22. c3 Bf6 23. Bxh6 Kf7 24. Bc1 Qa6 25. Qf3 Rad8 26. Qg2 Qd3+ 27. Ka1 b5 28. Qg6+ Ke7 29. h6 gxh6 30. Rxh6 Kd7 31. Rh7+ Kc6 32. Qg2+ Qd5 33. Qxd5+ exd5 34. Rxa7 Kb6 35. Rh7 d4 36. cxd4 Bxd4 37. Rh6+ Kb7 38. Bf4 Rd7 39. Be3 Bxe3 40. fxe3 Re8 41. Rf6 Re5 42. a3 Rde7 43. Rg5 b4 44. axb4 Rb5 45. e4 Rxe4 46. Rg7+ Ka8 47. Rf8+ Rb8 48. Rxf5 Rbxb4 49. Rf8+ Rb8 50. Rff7 Rbe8 51. Ra7+ Kb8 52. Rgb7+ Kc8 53. Rb3 Re3 54. Ka2 Rxb3 55. Kxb3 Kb8 56. Rh7 Re4 57. Ka3 Rg4 58. b4 Rf4 59. Ka4 Rf5 60. Rh6 Kb7 61. b5 Rf1 62. Ka5 1/2-1/2

[Event "Charlotte CCCSA Fall IM-E"]
[Site "Charlotte"]
[Date "2022.11.20"]
[Round "5"]
[White "Kunka, Harshid"]
[Black "Rorrer, Grayson"]
[Result "1/2-1/2"]
[WhiteElo "2236"]
[BlackElo "2230"]
[PlyCount "50"]
[EventDate "2022.11.18"]
[EventType "tourn"]
[EventRounds "9"]
[EventCountry "USA"]
[SourceTitle "CBM 211 Extra"]
[Source "ChessBase"]
[SourceDate "2023.01.31"]
[SourceVersion "1"]
[SourceVersionDate "2023.01.31"]
[SourceQuality "1"]

1. e4 c5 2. Nf3 d6 3. d4 cxd4 4. Nxd4 Nf6 5. Nc3 a6 6. Bg5 Nbd7 7. f4 Qc7 8. Qf3 b5 9. 0-0-0 Bb7 10. Nd5 Nxd5 11. exd5 Rc8 12. Bd3 h6 13. Bh4 g5 14. Bf2 gxf4 15. Bf5 Rg8 16. Rhe1 Rg5 17. Re2 Ne5 18. Qxf4 Rxg2 19. Bxc8 Qxc8 20. Nf5 Qc4 21. Qxc4 bxc4 22. h4 Bc8 23. Ne3 Rh2 24. Nf1 Rg2 25. Ne3 Rh2 1/2-1/2

[Event "Charlotte CCCSA Fall IM-E"]
[Site "Charlotte"]
[Date "2022.11.18"]
[Round "2"]
[White "Putnam, Liam H"]
[Black "Kunka, Harshid"]
[Result "1/2-1/2"]
[WhiteElo "2161"]
[BlackElo "2236"]
[PlyCount "67"]
[EventDate "2022.11.18"]
[EventType "tourn"]
[EventRounds "9"]
[EventCountry "USA"]
[SourceTitle "CBM 211 Extra"]
[Source "ChessBase"]
[SourceDate "2023.01.31"]
[SourceVersion "1"]
[SourceVersionDate "2023.01.31"]
[SourceQuality "1"]

1. d4 d5 2. c4 e6 3. Nf3 Nf6 4. g3 Be7 5. Bg2 0-0 6. Nc3 c6 7. 0-0 b6 8. Ne5 Bb7 9. e4 dxc4 10. Nxc4 b5 11. Ne5 Nbd7 12. Nxd7 Qxd7 13. Be3 Rac8 14. Qe2 b4 15. e5 Nd5 16. Nxd5 cxd5 17. Rfc1 Rxc1+ 18. Rxc1 Rc8 19. Rxc8+ Qxc8 20. Bf1 Qc6 21. h4 a5 22. Bg5 Bxg5 23. hxg5 Qb6 24. Qd3 g6 25. Be2 Qc6 26. Qb5 Qc1+ 27. Bf1 Bc6 28. Qxa5 Qxb2 29. Qb6 Qc3 30. Bh3 Kg7 31. Qd8 Qe1+ 32. Bf1 Bb5 33. Qf6+ Kg8 34. Qd8+ 1/2-1/2

[Event "Hollywood Masters op"]
[Site "Los Angeles"]
[Date "2022.10.27"]
[Round "3"]
[White "Antipov, Mikhail Al"]
[Black "Kunka, Harshid"]
[Result "1-0"]
[WhiteElo "2608"]
[BlackElo "2236"]
[PlyCount "49"]
[EventDate "2022.10.26"]
[EventType "swiss"]
[EventRounds "9"]
[EventCountry "USA"]
[SourceTitle "EXT 2024"]
[Source "ChessBase"]
[SourceDate "2023.10.10"]
[SourceVersion "1"]
[SourceVersionDate "2023.10.10"]
[SourceQuality "1"]

1. e4 c6 2. Nf3 d5 3. d3 Nd7 4. exd5 cxd5 5. d4 Ngf6 6. Bd3 e6 7. 0-0 Bd6 8. Re1 0-0 9. Qe2 Qb6 10. c3 Re8 11. Ne5 Nf8 12. Nd2 N6d7 13. Qh5 Re7 14. Re3 f6 15. Rh3 f5 16. Qh4 Qc7 17. Ndf3 Re8 18. Bb5 a6 19. Bxd7 Bxd7 20. Bf4 Bc6 21. Ng5 h6 22. Ngf7 Bxe5 23. Nxh6+ gxh6 24. Bxe5 Ng6 25. Qxh6 1-0